Normal view
MARC view
Entry Personal Name
001 - CONTROL NUMBER
- control field: 10401
003 - CONTROL NUMBER IDENTIFIER
- control field: OSt
005 - DATE AND TIME OF LATEST TRANSACTION
- control field: 20160722172732.0
008 - FIXED-LENGTH DATA ELEMENTS
- fixed length control field: 160722|| aca||aabn | a|a d
040 ## - CATALOGING SOURCE
- Original cataloging agency: OSt
- Transcribing agency: OSt
100 ## - HEADING--PERSONAL NAME
- Personal name: O'Brien, Judith A.
670 ## - SOURCE DATA FOUND
- Source citation: Work cat.: (OSt)4847: O'Brien, Judith A., Common problems in clinical laboratory management /, 1999.
